<?xml version="1.0" encoding="UTF-8"?>
<record
    xmlns:xsi="http://www.w3.org/2001/XMLSchema-instance"
    xsi:schemaLocation="http://www.loc.gov/MARC21/slim http://www.loc.gov/standards/marcxml/schema/MARC21slim.xsd"
    xmlns="http://www.loc.gov/MARC21/slim">

  <leader>01338nam0a22002891  4500</leader>
  <controlfield tag="001">rc\606220</controlfield>
  <controlfield tag="005">20250621181833.0</controlfield>
  <datafield tag="035" ind1=" " ind2=" ">
    <subfield code="a">(NLR Aleph) 005850310</subfield>
  </datafield>
  <datafield tag="090" ind1=" " ind2=" ">
    <subfield code="a">5771753</subfield>
    <subfield code="c">5771753</subfield>
  </datafield>
  <datafield tag="100" ind1=" " ind2=" ">
    <subfield code="a">20031121d1986    |||y0rusy50      ca</subfield>
  </datafield>
  <datafield tag="101" ind1="0" ind2=" ">
    <subfield code="a">rus</subfield>
  </datafield>
  <datafield tag="102" ind1=" " ind2=" ">
    <subfield code="a">RU</subfield>
  </datafield>
  <datafield tag="105" ind1=" " ind2=" ">
    <subfield code="a">y   |||||||||</subfield>
  </datafield>
  <datafield tag="200" ind1="1" ind2=" ">
    <subfield code="a">&#x421;&#x43E;&#x432;&#x440;&#x435;&#x43C;&#x435;&#x43D;&#x43D;&#x43E;&#x435; &#x441;&#x43E;&#x441;&#x442;&#x43E;&#x44F;&#x43D;&#x438;&#x435; &#x43E;&#x43A;&#x435;&#x430;&#x43D;&#x43E;&#x433;&#x440;&#x430;&#x444;&#x438;&#x447;&#x435;&#x441;&#x43A;&#x438;&#x445; &#x438;&#x441;&#x441;&#x43B;&#x435;&#x434;&#x43E;&#x432;&#x430;&#x43D;&#x438;&#x439; &#x434;&#x43B;&#x44F; &#x434;&#x43E;&#x43B;&#x433;&#x43E;&#x441;&#x440;&#x43E;&#x447;&#x43D;&#x43E;&#x433;&#x43E; &#x43F;&#x440;&#x43E;&#x433;&#x43D;&#x43E;&#x437;&#x430; &#x43F;&#x43E;&#x433;&#x43E;&#x434;&#x44B;</subfield>
    <subfield code="f">[&#x421;.&#x421;. &#x41B;&#x430;&#x43F;&#x43A;&#x43E;, &#x41A;.&#x41C;. &#x421;&#x435;&#x43B;&#x435;&#x43C;&#x435;&#x43D;&#x43E;&#x432;, &#x421;.&#x41A;. &#x413;&#x443;&#x43B;&#x435;&#x432;]</subfield>
  </datafield>
  <datafield tag="210" ind1=" " ind2=" ">
    <subfield code="a">&#x41E;&#x431;&#x43D;&#x438;&#x43D;&#x441;&#x43A;</subfield>
    <subfield code="c">&#x418;&#x43D;&#x444;&#x43E;&#x440;&#x43C;. &#x446;&#x435;&#x43D;&#x442;&#x440; &#x412;&#x41D;&#x418;&#x418;&#x413;&#x41C;&#x418;-&#x41C;&#x426;&#x414;</subfield>
    <subfield code="d">1986</subfield>
  </datafield>
  <datafield tag="215" ind1=" " ind2=" ">
    <subfield code="a">32 &#x441;.</subfield>
    <subfield code="d">20</subfield>
  </datafield>
  <datafield tag="225" ind1="1" ind2=" ">
    <subfield code="a">&#x413;&#x438;&#x434;&#x440;&#x43E;&#x43C;&#x435;&#x442;&#x435;&#x43E;&#x440;&#x43E;&#x43B;&#x43E;&#x433;&#x438;&#x44F;</subfield>
    <subfield code="h">&#x421;&#x435;&#x440;&#x438;&#x44F; 37.25</subfield>
    <subfield code="i">&#x41E;&#x43A;&#x435;&#x430;&#x43D;&#x43E;&#x43B;&#x43E;&#x433;&#x438;&#x44F;</subfield>
    <subfield code="e">&#x41E;&#x431;&#x437;&#x43E;&#x440;. &#x438;&#x43D;&#x444;&#x43E;&#x440;&#x43C;.</subfield>
    <subfield code="f">&#x412;&#x41D;&#x418;&#x418; &#x433;&#x438;&#x434;&#x440;&#x43E;&#x43C;&#x435;&#x442;&#x435;&#x43E;&#x440;&#x43E;&#x43B;. &#x438;&#x43D;&#x444;&#x43E;&#x440;&#x43C;. - &#x41C;&#x438;&#x440;&#x43E;&#x432;&#x43E;&#x439; &#x446;&#x435;&#x43D;&#x442;&#x440; &#x434;&#x430;&#x43D;&#x43D;&#x44B;&#x445;</subfield>
    <subfield code="v">&#x412;&#x44B;&#x43F;. 2</subfield>
  </datafield>
  <datafield tag="300" ind1=" " ind2=" ">
    <subfield code="a">&#x412; &#x43D;&#x430;&#x434;&#x437;&#x430;&#x433;. &#x442;&#x430;&#x43A;&#x436;&#x435;: &#x413;&#x43E;&#x441;. &#x43A;&#x43E;&#x43C;. &#x421;&#x421;&#x421;&#x420; &#x43F;&#x43E; &#x433;&#x438;&#x434;&#x440;&#x43E;&#x43C;&#x435;&#x442;&#x435;&#x43E;&#x440;&#x43E;&#x43B;&#x43E;&#x433;&#x438;&#x438; &#x438; &#x43A;&#x43E;&#x43D;&#x442;&#x440;&#x43E;&#x43B;&#x44E; &#x43F;&#x440;&#x438;&#x440;&#x43E;&#x434;. &#x441;&#x440;&#x435;&#x434;&#x44B;</subfield>
  </datafield>
  <datafield tag="320" ind1=" " ind2=" ">
    <subfield code="a">&#x411;&#x438;&#x431;&#x43B;&#x438;&#x43E;&#x433;&#x440;.: &#x441;. 24-31</subfield>
  </datafield>
  <datafield tag="700" ind1=" " ind2="1">
    <subfield code="a">&#x41B;&#x430;&#x43F;&#x43F;&#x43E;</subfield>
    <subfield code="b">&#x421;.&#x421;.</subfield>
    <subfield code="g">&#x421;&#x435;&#x440;&#x433;&#x435;&#x439; &#x421;&#x435;&#x440;&#x433;&#x435;&#x435;&#x432;&#x438;&#x447;</subfield>
  </datafield>
  <datafield tag="701" ind1=" " ind2="1">
    <subfield code="a">&#x421;&#x435;&#x43B;&#x435;&#x43C;&#x435;&#x43D;&#x43E;&#x432;</subfield>
    <subfield code="b">&#x41A;.&#x41C;.</subfield>
  </datafield>
  <datafield tag="701" ind1=" " ind2="1">
    <subfield code="a">&#x413;&#x443;&#x43B;&#x435;&#x432;</subfield>
    <subfield code="b">&#x421;.&#x41A;.</subfield>
  </datafield>
  <datafield tag="801" ind1=" " ind2="0">
    <subfield code="a">RU</subfield>
    <subfield code="b">NLR</subfield>
    <subfield code="g">psbo</subfield>
  </datafield>
  <datafield tag="801" ind1=" " ind2="1">
    <subfield code="a">RU</subfield>
    <subfield code="b">ELAR</subfield>
    <subfield code="2">rusmarc</subfield>
  </datafield>
  <datafield tag="852" ind1=" " ind2=" ">
    <subfield code="a">NLR</subfield>
    <subfield code="j">&#x41F;7/1937</subfield>
  </datafield>
  <datafield tag="942" ind1=" " ind2=" ">
    <subfield code="c">BOOK</subfield>
  </datafield>
  <datafield tag="980" ind1=" " ind2=" ">
    <subfield code="a">NB</subfield>
  </datafield>
  <datafield tag="995" ind1=" " ind2=" ">
    <subfield code="5">2013-10-26</subfield>
    <subfield code="b">NLR01</subfield>
    <subfield code="c">NLR01</subfield>
    <subfield code="e">RJF</subfield>
    <subfield code="f">5850310-10</subfield>
    <subfield code="k">&#x41F;7/1937</subfield>
    <subfield code="o">0</subfield>
    <subfield code="r">BOOK</subfield>
    <subfield code="s">71937_</subfield>
  </datafield>
</record>
